000 01577nam a2200169 4500
003 OSt
005 20260405155753.0
007 ta
008 260405b |||||||| |||| 00| 0 fre d
020 _a9791033919223
040 _cautismepaimpol.fr
100 _a Paul EL KHARRAT
_qPaul et Sophie El Kharrat
245 _aAtypiques !
_bUn dialogue mère-fils pour mieux comprendre l'autisme
260 _b Harpercollins
_c02/04/2025
520 _aPour la première fois, la mère de Paul El Kharrat se livre, dans un récit intime et sincère, sur l’autisme de son fils, cette différence invisible qui fait de lui un être à part. Comment ce trouble, diagnostiqué très tard, a-t-il bouleversé l’équilibre familial ? Comment, aux côtés de son mari Ali, a-t-elle combattu pour donner à son fils la meilleure vie possible, l’aider à surmonter les obstacles, tout en préservant ses deux plus jeunes enfants ? Elle revient dans ce livre sur les différents aspects de l’autisme de son fils : la petite enfance, l'adolescence puis un âge adulte qui n’en sera jamais tout à fait un, les liens affectifs, le rapport au corps, les déficiences sociales, mais aussi la résilience et les super pouvoirs de Paul dont les dons sont parfois en même temps une malédiction pour lui. Dans ce récit à quatre mains, Paul prend à son tour la parole et lui répond, donnant son point de vue singulier, livrant ses espoirs et ses difficultés. Tous deux partagent leur expérience et offre des clés précieuses aux neurotypiques pour mieux comprendre l’autisme
942 _cLIVR
999 _c285
_d285